000 00600nam a2200241Ia 4500
003 OSt
005 20221007074246.0
006 a|||||r|||| 00| 0
007 ta
008 221006b |||||||| |||| 00| 0 eng d
024 _a16,755
037 _cTextual
040 _aFLL
_cFLL
_beng
041 _2eng
_aeng
082 _aY1:52:5.1, K9
100 _aHauser
_9692848
245 0 _aPopulation dilemma
250 _a2nd
260 _aN.J.
_bPrentice-Hall, Inc. N.J.
_c1969
300 _a211p
_ccm.
942 _hY1:52:5.1, K9
_cTEXL
_2CC
999 _c1151725
_d1151725